Municipios de Hidalgo - Estadísticas

Estadísticas generales
  • Esta prueba ha sido intentada 46 veces
  • La puntuación promedio es 47 de 84
Respuestas en el mapa
Las respuestas están codificadas por una escala verde-roja en el mapa de la prueba según el % correcto abajo.
 
Estadísticas de respuestas
Region Respuesta % Correcto
Comarca Minera Pachuca de Soto
100%
Altiplanicie Pulquera Tula de Allende
100%
Valle del Mezquital Tizayuca
91%
Valle de Tulancingo Tulancingo de Bravo
91%
Sierra Baja Zimapán
83%
Altiplanicie Pulquera Atotonilco de Tula
78%
Sierra Alta Atotonilco el Grande
78%
Huasteca Huejutla de Reyes
78%
Comarca Minera Mineral del Chico
78%
Comarca Minera Mineral del Monte
78%
Valle de Tulancingo Acaxochitlán
74%
Altiplanicie Pulquera Actopan
74%
Cuenca de México Apan
74%
Altiplanicie Pulquera Huichapan
74%
Comarca Minera Mineral de la Reforma
74%
Sierra de Tenango Tenango de Doria
74%
Altiplanicie Pulquera Tepeji del Río de Ocampo
74%
Comarca Minera Huasca de Ocampo
70%
Altiplanicie Pulquera Ixmiquilpan
70%
Valle del Mezquital Villa de Tezontepec
70%
Altiplanicie Pulquera El Arenal
65%
Sierra Gorda Eloxochitlán
65%
Altiplanicie Pulquera Francisco I. Madero
65%
Valle de Tulancingo Metepec
65%
Comarca Minera Omitlán de Juárez
65%
Sierra Baja Pacula
65%
Altiplanicie Pulquera Progreso de Obregón
65%
Huasteca San Felipe Orizatlán
65%
Cuenca de México Zempoala
65%
Huasteca Pisaflores
61%
Altiplanicie Pulquera Tasquillo
61%
Huasteca Tlanchinol
61%
Sierra Gorda Zacualtipán de Ángeles
61%
Valle del Mezquital Zapotlán de Juárez
61%
Sierra de Tenango Agua Blanca de Iturbide
57%
Altiplanicie Pulquera Alfajayucan
57%
Sierra Alta Cardonal
57%
Sierra de Tenango Huehuetla
57%
Sierra Baja Jacala de Ledezma
57%
Sierra Alta Metztitlán
57%
Altiplanicie Pulquera Mixquiahuala de Juárez
57%
Sierra Alta San Agustín Metzquititlán
57%
Altiplanicie Pulquera San Agustín Tlaxiaca
57%
Cuenca de México Singuilucan
57%
Altiplanicie Pulquera Atitalaquia
52%
Valle de Tulancingo Cuautepec de Hinojosa
52%
Cuenca de México Emiliano Zapata
52%
Cuenca de México Epazoyucan
52%
Sierra Gorda Juárez Hidalgo
52%
Sierra Gorda Lolotla
52%
Sierra Gorda Molango de Escamilla
52%
Altiplanicie Pulquera Tecozautla
52%
Cuenca de México Tepeapulco
52%
Altiplanicie Pulquera Tezontepec de Aldama
52%
Altiplanicie Pulquera Tlahuelilpan
52%
Valle del Mezquital Tolcayuca
52%
Huasteca Xochiatipan
52%
Valle de Tulancingo Acatlán
48%
Cuenca de México Almoloya
48%
Sierra Gorda Calnali
48%
Huasteca Huautla
48%
Sierra Baja La Misión
48%
Sierra Gorda Tianguistengo
48%
Huasteca Yahualica
48%
Sierra de Tenango San Bartolo Tutotepec
43%
Cuenca de México Tlanalapa
43%
Huasteca Atlapexco
39%
Huasteca Huazalingo
39%
Altiplanicie Pulquera Ajacuba
35%
Altiplanicie Pulquera Chapantongo
35%
Huasteca Jaltocán
35%
Altiplanicie Pulquera Nopala de Villagrán
35%
Altiplanicie Pulquera San Salvador
35%
Valle de Tulancingo Santiago Tulantepec de Lugo Guerrero
35%
Sierra Gorda Tlahuiltepa
35%
Huasteca Chapulhuacán
26%
Sierra Alta Santiago de Anaya
26%
Altiplanicie Pulquera Tepetitlán
26%
Altiplanicie Pulquera Tetepango
26%
Sierra Gorda Xochicoatlán
26%
Altiplanicie Pulquera Chilcuautla
22%
Sierra Gorda Nicolás Flores
22%
Altiplanicie Pulquera Tlaxcoapan
22%
Huasteca Tepehuacán de Guerrero
13%
No se encontraron pruebas coincidentes
Distribución de puntuación
Porcentaje de gente con cada puntuación
Porcentaje por número respondido
Historial de tus puntuaciones
No has intentado esta prueba.